[Event "Sudest Regional-ch"]
[Site "Pindamonhangaba"]
[Date "2025.03.22"]
[Round "4"]
[White "Codognotto, Ian"]
[Black "Medeiros, Leonardo"]
[Result "1-0"]
[WhiteElo "1800"]
[BlackElo "1593"]
[PlyCount "51"]
[EventDate "2025.03.20"]
[EventType "swiss"]
[EventRounds "6"]
[EventCountry "BRA"]
[SourceTitle "CB13_2025"]
[SourceDate "2025.03.26"]
[SourceVersion "1"]
[SourceVersionDate "2025.03.26"]
[SourceQuality "1"]

1. e4 c5 2. Nc3 e6 3. f4 Nc6 4. Bb5 Qc7 5. Qf3 Nd4 6. Qd1 a6 7. Be2 Qxf4 8. Nh3 Qh4+ 9. Nf2 Bd6 10. g3 Qe7 11. 0-0 Nf6 12. Nd3 e5 13. Nf2 b5 14. Ng4 Nxe2+ 15. Qxe2 Nxg4 16. Qxg4 0-0 17. Nd5 Qe6 18. Rf5 c4 19. d4 cxd3 20. Nf6+ Kh8 21. Bg5 g6 22. Qh4 h5 23. Nxh5 gxh5 24. Bf6+ Qxf6 25. Qxf6+ Kg8 26. Rg5+ 1-0